Nghiên cứu văn hóa Việt Nam
Đã lưu trong:
| 格式: | 圖書 |
|---|---|
| 語言: | Undetermined |
| 出版: |
Hà Nội
Viện Hàn lâm Khoa học Xã hội Việt Nam
2021
|
| 主題: | |
| 標簽: |
添加標簽
沒有標簽, 成為第一個標記此記錄!
|
| Thư viện lưu trữ: | Trung tâm Học liệu Trường Đại học Cần Thơ |
|---|
| LEADER | 00684nam a2200205Ia 4500 | ||
|---|---|---|---|
| 001 | CTU_240314 | ||
| 008 | 210402s9999 xx 000 0 und d | ||
| 020 | |c 25000 | ||
| 082 | |a 306 | ||
| 082 | |b Ngh305 | ||
| 245 | 0 | |a Nghiên cứu văn hóa Việt Nam | |
| 245 | 0 | |c Viện Hàn lâm Khoa học Xã hội Việt Nam. Viện Nghiên cứu Văn hóa | |
| 260 | |a Hà Nội | ||
| 260 | |b Viện Hàn lâm Khoa học Xã hội Việt Nam | ||
| 260 | |c 2021 | ||
| 650 | |a Culture,Văn hóa | ||
| 650 | |x Research,Nghiên cứu | ||
| 650 | |z Vietnam,Việt Nam | ||
| 904 | |i T.Trang | ||
| 980 | |a Trung tâm Học liệu Trường Đại học Cần Thơ | ||